000 02352nam a2200349 c 4500
003 BLK
005 20220308143023.0
008 180411b bul|||||r ||||||| ||bul||
010 _aKNG00175252000
040 _aBLK
041 _aBUL
_cBUL
072 7 _2bullib
_aК
_xКраезнание
080 _aСелско стопанство. Горско стопанство. Лов. Рибно стопанство
_b63
_x:061.6(497.215)
_z63:061.6(497.215)
110 1 _aЗемеделска опитна станция. Русе, кв. Образцов чифлик
_92363
139 _aЗемеделска опитна станция. Русе, кв. Образцов чифлик
_bЗ 54
245 1 0 _aОтчет на Държавната земледелска опитна станция в Образцов чифлик край гр. Русе за 1924 г.
257 _aBGR
260 Русе
_bДърж. земед. опитна станция
_c1925
_fРусе : печ. Роглев
300 _a78 с.
_bс табл., к., 8 л.: фотогр.
_c23 см
380 _a63
500 _aИзд. на М-вото на земеделието и държ. имоти. Отд. за земеделие и отраслите му. - Съдържа: Рез. на фр. ез., с. 75-76 ; Публ. на персонала на станцията през годината, с. 5. - Персонал: началник инж.-агр. Гавраил Пройчев - до 16.08.1924, заместен от и. д. началник агр. Делчо Тенев, чл.: Върбан Илков - химик, Кирил Ив. Гецов - ръководител на опитното поле, стажанти-агр.: Зора Иванова - до 16.04.1924, Ганчо Добрев - от м. окт. 1923 до м. ян. 1925, Слав Антонов - от 12.02.1924, д-р Дончо Костов - от 23.08.1924 до 1.10.1924.
650 4 _aИнститути, селскостопански - България
_9303361
651 4 _aОбразцов чифлик
_9179295
653 _aОбразцов чифлик
653 _aотчети
659 _aК
852 _aЦб 123344
856 4 _qpdf
_u
856 4 _qpdf
_u
942 _cKNG
_n0
944 _aCR
_c14.05.2015
_kВаля_Йорданова
944 _aED
_c14.05.2015
_kВаля_Йорданова
999 _c167444
_d167444